[Event "GER-ch Net Amateur Gr-C Vor3"]
[Site "Playchess.com INT"]
[Date "2020.04.16"]
[Round "9"]
[White "Devulapalli, Sree Praneeth"]
[Black "Geier, Nicolai"]
[Result "0-1"]
[WhiteElo "1189"]
[BlackElo "1620"]
[PlyCount "26"]
[EventDate "2020.04.16"]
[EventType "swiss (blitz)"]
[EventRounds "9"]
[EventCountry "GER"]
[SourceTitle "CBM 195 Extra"]
[Source "ChessBase"]
[SourceDate "2020.05.31"]
[SourceVersion "1"]
[SourceVersionDate "2020.05.31"]
[SourceQuality "1"]

1. e4 e6 2. Nf3 d5 3. exd5 exd5 4. Qe2+ Be7 5. Qb5+ Nd7 6. Ne5 Ngf6 7. Nxd7 Bxd7 8. Qxb7 Rb8 9. Qxa7 Bd6 10. Nc3 Ng4 11. g3 Qf6 12. Bg2 Qxf2+ 13. Kd1 Qxa7 0-1

[Event "GER-ch Net Amateur Gr-C Vor3"]
[Site "Playchess.com INT"]
[Date "2020.04.16"]
[Round "7"]
[White "Devulapalli, Sree Praneeth"]
[Black "Meister, Hubert"]
[Result "1-0"]
[WhiteElo "1186"]
[BlackElo "1059"]
[PlyCount "67"]
[EventDate "2020.04.16"]
[EventType "swiss (blitz)"]
[EventRounds "9"]
[EventCountry "GER"]
[SourceTitle "CBM 195 Extra"]
[Source "ChessBase"]
[SourceDate "2020.05.31"]
[SourceVersion "1"]
[SourceVersionDate "2020.05.31"]
[SourceQuality "1"]

1. e4 e5 2. Nf3 d6 3. Be2 Be7 4. 0-0 Nf6 5. d3 c5 6. Bg5 Nfd7 7. Bxe7 Qxe7 8. Nbd2 Nf6 9. c4 Bd7 10. b3 b6 11. Qc2 Nc6 12. Rac1 Rc8 13. h3 0-0 14. Bd1 h6 15. Be2 Be6 16. Qc3 Qc7 17. Qc2 Ne7 18. Nb1 Ng6 19. Nc3 Nf4 20. Kh1 Nxe2 21. Qxe2 Rcd8 22. Nb5 Qb8 23. Qc2 a6 24. Nc3 b5 25. Nd5 Nxd5 26. exd5 Bf5 27. Nh4 Bg6 28. Nxg6 fxg6 29. Qc3 bxc4 30. dxc4 Rde8 31. Rfe1 Re7 32. Re3 Ref7 33. f3 Qc8 34. Qd3 1-0

[Event "GER-ch Net Amateur Gr-C Vor3"]
[Site "Playchess.com INT"]
[Date "2020.04.16"]
[Round "8"]
[White "Kauschanski, Nicolas"]
[Black "Devulapalli, Sree Praneeth"]
[Result "1-0"]
[WhiteElo "1388"]
[BlackElo "1197"]
[PlyCount "63"]
[EventDate "2020.04.16"]
[EventType "swiss (blitz)"]
[EventRounds "9"]
[EventCountry "GER"]
[SourceTitle "CBM 195 Extra"]
[Source "ChessBase"]
[SourceDate "2020.05.31"]
[SourceVersion "1"]
[SourceVersionDate "2020.05.31"]
[SourceQuality "1"]

1. d4 Nf6 2. Bf4 g6 3. Nf3 Bg7 4. e3 0-0 5. Bd3 d6 6. Nbd2 Bg4 7. c4 c5 8. h3 Bxf3 9. Nxf3 Qa5+ 10. Qd2 Qxd2+ 11. Nxd2 cxd4 12. exd4 Nc6 13. c5 Nxd4 14. cxd6 exd6 15. Bxd6 Rfd8 16. Bf4 Nc2+ 17. Bxc2 Rd4 18. Be3 Rd7 19. 0-0 Nh5 20. Rad1 Bxb2 21. Rb1 Bh8 22. Be4 Rb8 23. Bxa7 Rbd8 24. Be3 f5 25. Bxb7 Bc3 26. Rfd1 Bxd2 27. Bxd2 Rxd2 28. Rxd2 Rxd2 29. a4 Ra2 30. Bd5+ Kg7 31. Bxa2 Nf4 32. a5 1-0

[Event "GER-ch Net Amateur Gr-C Vor2"]
[Site "Playchess.com INT"]
[Date "2020.04.15"]
[Round "8"]
[White "Devulapalli, Sree Praneeth"]
[Black "Rissmann, Klaus"]
[Result "0-1"]
[WhiteElo "1254"]
[BlackElo "1620"]
[PlyCount "56"]
[EventDate "2020.04.15"]
[EventType "swiss (blitz)"]
[EventRounds "9"]
[EventCountry "GER"]
[SourceTitle "CBM 196 Extra"]
[Source "ChessBase"]
[SourceDate "2020.07.31"]
[SourceVersion "1"]
[SourceVersionDate "2020.07.31"]
[SourceQuality "1"]

1. e4 d6 2. Nf3 e6 3. Bc4 Nd7 4. Nc3 Ne7 5. d3 g6 6. Bg5 Bg7 7. Bxe7 Qxe7 8. 0-0 0-0 9. a3 c6 10. b4 d5 11. exd5 cxd5 12. Bb3 b6 13. Ne2 Bb7 14. c4 dxc4 15. dxc4 Rac8 16. Nf4 Qf6 17. Nd3 e5 18. Re1 Rfe8 19. Qe2 e4 20. Nc5 Nxc5 21. Nd2 Nd3 22. Rf1 Qf4 23. g3 Qf3 24. Qxf3 exf3 25. Kh1 Bxa1 26. Rxa1 Nxf2+ 27. Kg1 Nh3+ 28. Kf1 Re2 0-1

[Event "GER-ch Net Amateur Gr-C Vor2"]
[Site "Playchess.com INT"]
[Date "2020.04.15"]
[Round "9"]
[White "Foeing, Alexander"]
[Black "Devulapalli, Sree Praneeth"]
[Result "1/2-1/2"]
[WhiteElo "1310"]
[BlackElo "1215"]
[PlyCount "75"]
[EventDate "2020.04.15"]
[EventType "swiss (blitz)"]
[EventRounds "9"]
[EventCountry "GER"]
[SourceTitle "CBM 196 Extra"]
[Source "ChessBase"]
[SourceDate "2020.07.31"]
[SourceVersion "1"]
[SourceVersionDate "2020.07.31"]
[SourceQuality "1"]

1. e4 c6 2. Nf3 d5 3. exd5 cxd5 4. Nc3 Nf6 5. d4 Nc6 6. g3 g6 7. Bg2 Bg7 8. 0-0 0-0 9. Bg5 Bg4 10. Re1 Bxf3 11. Bxf3 Qb6 12. Bxf6 Bxf6 13. Nxd5 Qxd4 14. Qxd4 Bxd4 15. Nxe7+ Nxe7 16. Rxe7 Bxb2 17. Rb1 Bf6 18. Rexb7 Rfe8 19. Rc7 Rac8 20. Rbb7 Rxc7 21. Rxc7 Re1+ 22. Kg2 Rc1 23. Rxa7 Rxc2 24. Ra8+ Kg7 25. Be4 Rb2 26. a4 Rb4 27. Bd5 Bd4 28. a5 Ra4 29. Bc6 Ra2 30. a6 Rxf2+ 31. Kh3 h5 32. a7 g5 33. Rg8+ Kxg8 34. a8Q+ Kg7 35. Qd8 g4+ 36. Kh4 Bf6+ 37. Qxf6+ Kxf6 38. Kxh5 1/2-1/2

[Event "GER-ch Net Amateur Gr-C Vor2"]
[Site "Playchess.com INT"]
[Date "2020.04.15"]
[Round "1"]
[White "Kuever, Bastian"]
[Black "Devulapalli, Sree Praneeth"]
[Result "1-0"]
[WhiteElo "1549"]
[BlackElo "1230"]
[PlyCount "35"]
[EventDate "2020.04.15"]
[EventType "swiss (blitz)"]
[EventRounds "9"]
[EventCountry "GER"]
[SourceTitle "CBM 196 Extra"]
[Source "ChessBase"]
[SourceDate "2020.07.31"]
[SourceVersion "1"]
[SourceVersionDate "2020.07.31"]
[SourceQuality "1"]

1. c4 Nf6 2. Nc3 g6 3. g3 Bg7 4. Bg2 0-0 5. Nf3 d6 6. d4 Bg4 7. 0-0 Nc6 8. e3 e5 9. Qc2 exd4 10. Nxd4 Nxd4 11. exd4 c5 12. dxc5 dxc5 13. Bxb7 Rb8 14. Bg2 Qe7 15. Bg5 Rfe8 16. Nd5 Rb7 17. Nxe7+ Rexe7 18. Bxb7 1-0

[Event "GER-ch Net Amateur Gr-C Vor1"]
[Site "Playchess.com INT"]
[Date "2020.04.14"]
[Round "2"]
[White "Devulapalli, Sree Praneeth"]
[Black "Trube, Ted"]
[Result "0-1"]
[WhiteElo "1620"]
[BlackElo "1620"]
[PlyCount "112"]
[EventDate "2020.04.14"]
[EventType "swiss (blitz)"]
[EventRounds "9"]
[EventCountry "GER"]
[SourceTitle "CBM 196 Extra"]
[Source "ChessBase"]
[SourceDate "2020.07.31"]
[SourceVersion "1"]
[SourceVersionDate "2020.07.31"]
[SourceQuality "1"]

1. e4 e5 2. Nf3 Nc6 3. d4 exd4 4. Nxd4 Qf6 5. Nxc6 Qxc6 6. Bd3 Nf6 7. Qe2 Bc5 8. Nc3 d6 9. Bg5 Ng4 10. h3 Nxf2 11. Rf1 Nxd3+ 12. Qxd3 0-0 13. 0-0-0 Be6 14. Nd5 Qa4 15. a3 Rac8 16. g4 c6 17. Nc3 Qa5 18. b4 Bxb4 19. axb4 Qxb4 20. Kd2 Rfd8 21. Rf4 f6 22. Bh4 d5 23. exd5 Rxd5 24. Qxd5 Bxd5 25. Rxb4 Rd8 26. Kc1 g5 27. Bf2 Re8 28. Rxb7 a5 29. Ra7 Bf3 30. Rd3 Bg2 31. Rxa5 Bxh3 32. Bd4 Kg7 33. Ra7+ Kg6 34. Ra6 Bxg4 35. Rxc6 Re1+ 36. Kd2 Ra1 37. Rxf6+ Kh5 38. Rf7 h6 39. Nb5 Rd1+ 40. Kc3 Re1 41. Re3 Rxe3+ 42. Bxe3 Kg6 43. Ra7 h5 44. Bxg5 Kxg5 45. Rh7 h4 46. Kd4 Bf5 47. c4 Bxh7 48. c5 h3 49. c6 h2 50. c7 h1Q 51. c8Q Qd1+ 52. Kc5 Qc2+ 53. Kb6 Qxc8 54. Ka5 Bd3 55. Kb4 Qc4+ 56. Ka5 Qxb5# 0-1

[Event "GER-ch Net Amateur Gr-C Vor1"]
[Site "Playchess.com INT"]
[Date "2020.04.14"]
[Round "5"]
[White "Radeke, Jennifer"]
[Black "Devulapalli, Sree Praneeth"]
[Result "0-1"]
[WhiteElo "1442"]
[BlackElo "1620"]
[PlyCount "112"]
[EventDate "2020.04.14"]
[EventType "swiss (blitz)"]
[EventRounds "9"]
[EventCountry "GER"]
[SourceTitle "CBM 196 Extra"]
[Source "ChessBase"]
[SourceDate "2020.07.31"]
[SourceVersion "1"]
[SourceVersionDate "2020.07.31"]
[SourceQuality "1"]

1. e4 c6 2. Nf3 d5 3. Nc3 Nf6 4. e5 Ne4 5. d3 Nxc3 6. bxc3 Bg4 7. c4 g6 8. Be3 Bg7 9. Be2 0-0 10. Ng5 Bxe2 11. Qxe2 Bxe5 12. Qf3 Bxa1 13. Qh3 h5 14. 0-0 Bf6 15. Nf3 Qa5 16. Bd2 Qxa2 17. Bh6 Re8 18. Ng5 Bxg5 19. Bxg5 Qxc2 20. Qe3 Kf8 21. Qd4 f6 22. Bh6+ Kf7 23. cxd5 e5 24. Qc5 Nd7 25. Qxc2 cxd5 26. Qc7 Red8 27. Qd6 g5 28. Qxd5+ Kg6 29. g4 Kxh6 30. Qf7 hxg4 31. h3 gxh3 32. Kh2 Nc5 33. Kg3 Rf8 34. Qd5 Na4 35. Qf3 Kg6 36. Qe4+ Kh5 37. Qg4+ Kg6 38. Rh1 Rh8 39. Rxh3 Nc5 40. Qh4 Rxh4 41. Rxh4 gxh4+ 42. Kxh4 Rh8+ 43. Kg4 a5 44. Kg3 a4 45. f3 a3 46. f4 a2 47. fxe5 fxe5 48. Kf3 a1Q 49. Ke3 Qe1+ 50. Kf3 Qd1+ 51. Ke3 Qxd3+ 52. Kf2 Rh2+ 53. Ke1 Qg3+ 54. Kf1 Qa3 55. Kg1 Rb2 56. Kf1 Qa1# 0-1